<?xml version="1.0" encoding="UTF-8"?>
<record
    xmlns:xsi="http://www.w3.org/2001/XMLSchema-instance"
    xsi:schemaLocation="http://www.loc.gov/MARC21/slim http://www.loc.gov/standards/marcxml/schema/MARC21slim.xsd"
    xmlns="http://www.loc.gov/MARC21/slim">

  <leader>01209nam a2200253Ia 4500</leader>
  <controlfield tag="005">20231102151637.0</controlfield>
  <controlfield tag="008">120626s2009    mx a   g      000 0 spa d</controlfield>
  <datafield tag="020" ind1=" " ind2=" ">
    <subfield code="a">978-970-10-7346-9</subfield>
  </datafield>
  <datafield tag="040" ind1=" " ind2=" ">
    <subfield code="e">RDA</subfield>
  </datafield>
  <datafield tag="050" ind1=" " ind2=" ">
    <subfield code="a">HG4521 M67 2006</subfield>
  </datafield>
  <datafield tag="100" ind1="1" ind2=" ">
    <subfield code="a">MORALES Castro, Jos&#xE9; Antonio</subfield>
  </datafield>
  <datafield tag="245" ind1="1" ind2="0">
    <subfield code="a">Proyectos de inversi&#xF3;n en la pr&#xE1;ctica </subfield>
    <subfield code="b">: formulaci&#xF3;n y evaluaci&#xF3;n</subfield>
    <subfield code="c"> / Jos&#xE9; Antonio Morales Castro, Arturo Morales Castro</subfield>
  </datafield>
  <datafield tag="260" ind1=" " ind2=" ">
    <subfield code="a">M&#xE9;xico </subfield>
    <subfield code="b">: Mc Graw Hill</subfield>
    <subfield code="c">, 2009</subfield>
  </datafield>
  <datafield tag="300" ind1=" " ind2=" ">
    <subfield code="a">xxvi, 442 p&#xE1;ginas</subfield>
    <subfield code="c">; 21 cm.</subfield>
  </datafield>
  <datafield tag="337" ind1=" " ind2=" ">
    <subfield code="a">texto</subfield>
  </datafield>
  <datafield tag="338" ind1=" " ind2=" ">
    <subfield code="a">sin medio</subfield>
  </datafield>
  <datafield tag="339" ind1=" " ind2=" ">
    <subfield code="a">volumen</subfield>
  </datafield>
  <datafield tag="500" ind1=" " ind2=" ">
    <subfield code="a">14 004982</subfield>
  </datafield>
  <datafield tag="505" ind1=" " ind2=" ">
    <subfield code="a">Identificaci&#xF3;n de proyectos
Estapas y estudios de los proyectos de inversi&#xF3;n
Estudio de mercado
Estudio t&#xE9;cnico
Estudio adminsitrativo
Evaluaci&#xF3;n del impacto ambiental
Estudio financiero
An&#xE1;lisis de riesgo
An&#xE1;lisis de  sensibilidad
Evaluaci&#xF3;n de proyectos de inversi&#xF3;n
Temas especiales de an&#xE1;lisis en proyectos de inversi&#xF3;n
Ejemplo de formulaci&#xF3;n de proyectos de inversi&#xF3;n en la enlatadora de frijoles del baj&#xED;o
Ap&#xE9;ndice
</subfield>
  </datafield>
  <datafield tag="600" ind1=" " ind2=" ">
    <subfield code="a">I. Morales Castro, Arturo, coaut.</subfield>
  </datafield>
  <datafield tag="650" ind1=" " ind2=" ">
    <subfield code="a">INVERSIONES</subfield>
  </datafield>
  <datafield tag="700" ind1="1" ind2="2">
    <subfield code="a">MORALES Castro, Arturo </subfield>
    <subfield code="e">, coautor</subfield>
  </datafield>
  <datafield tag="942" ind1=" " ind2=" ">
    <subfield code="c">LB</subfield>
    <subfield code="2">ddc</subfield>
  </datafield>
  <datafield tag="952" ind1=" " ind2=" ">
    <subfield code="0">0</subfield>
    <subfield code="1">0</subfield>
    <subfield code="2">lcc</subfield>
    <subfield code="4">0</subfield>
    <subfield code="7">0</subfield>
    <subfield code="a">14</subfield>
    <subfield code="b">14</subfield>
    <subfield code="d">2013-03-13</subfield>
    <subfield code="l">26</subfield>
    <subfield code="o">HG4521 M67 2009</subfield>
    <subfield code="p">14 004982</subfield>
    <subfield code="r">2019-08-05</subfield>
    <subfield code="s">2019-08-01</subfield>
    <subfield code="t">1</subfield>
    <subfield code="w">2014-02-11</subfield>
    <subfield code="y">LB</subfield>
  </datafield>
  <datafield tag="999" ind1=" " ind2=" ">
    <subfield code="c">92018</subfield>
    <subfield code="d">92018</subfield>
  </datafield>
</record>
